000 00819nam a2200229 a 4500
001 74538
003 BD-RjUL
005 20211209082552.0
008 181022r20082004bg a|||| |||| 00| 0 ben d
035 _a(BD-RjUL)74756
040 _aBD-RjUL
_bben
_cBD-RjUL
_dBD-RjUL
041 _aben
082 _223
_a005.432
_bSAL 2008
100 1 _aসরকার, সুহৃদ
_9224044
245 1 _aলিনাক্স নেটওয়ার্কিং /
_cসুহৃদ সরকার
260 _aবাংলাবাজার, ঢাকা :
_bজ্ঞানকোষ প্রকাশনী,
_c২০০৮
300 _a৪৫১ পৃ. :
_bচিত্র ;
_c২২ সেমি.
500 _a(Linux Networking)
650 _aলিনাক্স
_9224045
650 _aLinux
_9161731
942 _2ddc
_cBK
999 _c74538
_d74538